<?xml version="1.0" encoding="UTF-8"?>
<record
    xmlns:xsi="http://www.w3.org/2001/XMLSchema-instance"
    xsi:schemaLocation="http://www.loc.gov/MARC21/slim http://www.loc.gov/standards/marcxml/schema/MARC21slim.xsd"
    xmlns="http://www.loc.gov/MARC21/slim">

  <leader>00378nam a2200145Ia 4500</leader>
  <controlfield tag="008">150201s2011    xx            000 0 und d</controlfield>
  <datafield tag="082" ind1=" " ind2=" ">
    <subfield code="a">616.0707</subfield>
    <subfield code="b">E2011P</subfield>
  </datafield>
  <datafield tag="100" ind1=" " ind2=" ">
    <subfield code="a">PURKAIT, SWAPAN KUMAR</subfield>
  </datafield>
  <datafield tag="245" ind1=" " ind2=" ">
    <subfield code="a">ESSENTIALS OF ORAL PATHOLOGY</subfield>
  </datafield>
  <datafield tag="250" ind1=" " ind2=" ">
    <subfield code="a">3RD</subfield>
  </datafield>
  <datafield tag="260" ind1=" " ind2=" ">
    <subfield code="b">JAYPEE MEDICAL PUBLISHER</subfield>
    <subfield code="a">DELHI</subfield>
    <subfield code="c">2011</subfield>
  </datafield>
  <datafield tag="300" ind1=" " ind2=" ">
    <subfield code="a">1-624</subfield>
  </datafield>
  <datafield tag="650" ind1=" " ind2=" ">
    <subfield code="a">ORAL PATHOLOGY</subfield>
  </datafield>
  <datafield tag="942" ind1=" " ind2=" ">
    <subfield code="2">ddc</subfield>
    <subfield code="c">BK</subfield>
    <subfield code="0">165</subfield>
  </datafield>
  <datafield tag="952" ind1=" " ind2=" ">
    <subfield code="0">0</subfield>
    <subfield code="1">0</subfield>
    <subfield code="2">ddc</subfield>
    <subfield code="4">0</subfield>
    <subfield code="7">0</subfield>
    <subfield code="a">FD</subfield>
    <subfield code="b">FD</subfield>
    <subfield code="d">2011-11-05</subfield>
    <subfield code="e">JAYPEE BROTHERS (DELHI)</subfield>
    <subfield code="g">525.00</subfield>
    <subfield code="h">1</subfield>
    <subfield code="i">SGTU</subfield>
    <subfield code="l">54</subfield>
    <subfield code="o">616.0707 E2011P</subfield>
    <subfield code="p">FD6407</subfield>
    <subfield code="r">2026-05-13 00:00:00</subfield>
    <subfield code="s">2026-05-13</subfield>
    <subfield code="w">2013-04-27</subfield>
    <subfield code="y">BK</subfield>
    <subfield code="k">6811</subfield>
  </datafield>
  <datafield tag="952" ind1=" " ind2=" ">
    <subfield code="0">0</subfield>
    <subfield code="1">0</subfield>
    <subfield code="2">ddc</subfield>
    <subfield code="4">0</subfield>
    <subfield code="7">0</subfield>
    <subfield code="a">FD</subfield>
    <subfield code="b">FD</subfield>
    <subfield code="d">2011-11-05</subfield>
    <subfield code="e">U.B.S.DELHI</subfield>
    <subfield code="g">525.00</subfield>
    <subfield code="h">1</subfield>
    <subfield code="i">SGTU</subfield>
    <subfield code="l">72</subfield>
    <subfield code="o">617.0707 E2011P</subfield>
    <subfield code="p">FD6461</subfield>
    <subfield code="r">2026-05-01 00:00:00</subfield>
    <subfield code="s">2026-05-01</subfield>
    <subfield code="w">2013-06-05</subfield>
    <subfield code="y">BK</subfield>
    <subfield code="k">1023</subfield>
  </datafield>
  <datafield tag="952" ind1=" " ind2=" ">
    <subfield code="0">0</subfield>
    <subfield code="1">0</subfield>
    <subfield code="2">ddc</subfield>
    <subfield code="4">0</subfield>
    <subfield code="7">0</subfield>
    <subfield code="a">FD</subfield>
    <subfield code="b">FD</subfield>
    <subfield code="d">2011-11-05</subfield>
    <subfield code="e">U.B.S.DELHI</subfield>
    <subfield code="g">525.00</subfield>
    <subfield code="h">1</subfield>
    <subfield code="i">SGTU</subfield>
    <subfield code="l">42</subfield>
    <subfield code="o">617.0707 E2011P</subfield>
    <subfield code="p">FD6462</subfield>
    <subfield code="r">2026-05-28 09:55:08</subfield>
    <subfield code="s">2026-05-14</subfield>
    <subfield code="w">2013-06-05</subfield>
    <subfield code="y">BK</subfield>
    <subfield code="k">1023</subfield>
  </datafield>
  <datafield tag="952" ind1=" " ind2=" ">
    <subfield code="0">0</subfield>
    <subfield code="1">0</subfield>
    <subfield code="2">ddc</subfield>
    <subfield code="4">0</subfield>
    <subfield code="7">0</subfield>
    <subfield code="a">FD</subfield>
    <subfield code="b">FD</subfield>
    <subfield code="d">2011-11-05</subfield>
    <subfield code="e">U.B.S.DELHI</subfield>
    <subfield code="g">525.00</subfield>
    <subfield code="h">1</subfield>
    <subfield code="i">SGTU</subfield>
    <subfield code="l">48</subfield>
    <subfield code="m">1</subfield>
    <subfield code="o">617.0707 E2011P</subfield>
    <subfield code="p">FD6463</subfield>
    <subfield code="r">2026-05-27 09:43:19</subfield>
    <subfield code="s">2026-05-08</subfield>
    <subfield code="w">2013-06-05</subfield>
    <subfield code="y">BK</subfield>
    <subfield code="k">1023</subfield>
  </datafield>
  <datafield tag="952" ind1=" " ind2=" ">
    <subfield code="0">0</subfield>
    <subfield code="1">0</subfield>
    <subfield code="2">ddc</subfield>
    <subfield code="4">0</subfield>
    <subfield code="7">0</subfield>
    <subfield code="a">FD</subfield>
    <subfield code="b">FD</subfield>
    <subfield code="d">2011-11-05</subfield>
    <subfield code="e">U.B.S.DELHI</subfield>
    <subfield code="g">525.00</subfield>
    <subfield code="h">1</subfield>
    <subfield code="i">SGTU</subfield>
    <subfield code="l">25</subfield>
    <subfield code="m">1</subfield>
    <subfield code="o">617.0707 E2011P</subfield>
    <subfield code="p">FD6464</subfield>
    <subfield code="r">2026-05-21 00:00:00</subfield>
    <subfield code="s">2026-05-20</subfield>
    <subfield code="w">2013-06-05</subfield>
    <subfield code="y">BK</subfield>
    <subfield code="k">1023</subfield>
  </datafield>
  <datafield tag="952" ind1=" " ind2=" ">
    <subfield code="0">0</subfield>
    <subfield code="1">0</subfield>
    <subfield code="2">ddc</subfield>
    <subfield code="4">0</subfield>
    <subfield code="7">0</subfield>
    <subfield code="a">FD</subfield>
    <subfield code="b">FD</subfield>
    <subfield code="d">2011-11-05</subfield>
    <subfield code="e">U.B.S.DELHI</subfield>
    <subfield code="g">525.00</subfield>
    <subfield code="h">1</subfield>
    <subfield code="i">SGTU</subfield>
    <subfield code="l">38</subfield>
    <subfield code="o">617.0707 E2011P</subfield>
    <subfield code="p">FD6465</subfield>
    <subfield code="r">2026-05-12 00:00:00</subfield>
    <subfield code="s">2026-05-12</subfield>
    <subfield code="w">2013-06-05</subfield>
    <subfield code="y">BK</subfield>
    <subfield code="k">1023</subfield>
  </datafield>
  <datafield tag="952" ind1=" " ind2=" ">
    <subfield code="0">0</subfield>
    <subfield code="1">0</subfield>
    <subfield code="2">ddc</subfield>
    <subfield code="4">0</subfield>
    <subfield code="7">0</subfield>
    <subfield code="a">FD</subfield>
    <subfield code="b">FD</subfield>
    <subfield code="d">2011-11-05</subfield>
    <subfield code="e">U.B.S.DELHI</subfield>
    <subfield code="g">525.00</subfield>
    <subfield code="h">1</subfield>
    <subfield code="i">SGTU</subfield>
    <subfield code="l">46</subfield>
    <subfield code="m">1</subfield>
    <subfield code="o">617.0707 E2011P</subfield>
    <subfield code="p">FD6466</subfield>
    <subfield code="r">2026-05-15 00:00:00</subfield>
    <subfield code="s">2026-04-29</subfield>
    <subfield code="w">2013-06-05</subfield>
    <subfield code="y">BK</subfield>
    <subfield code="k">1023</subfield>
  </datafield>
  <datafield tag="999" ind1=" " ind2=" ">
    <subfield code="c">4631</subfield>
    <subfield code="d">4631</subfield>
  </datafield>
</record>
